Stratégia rozvoja logistiky podniku diplomová práca

Guardado en:
Detalles Bibliográficos
Autor principal: Schwarcz, Július
Autor Corporativo: Fakulta podnikového manažmentu EU. Katedra manažmentu výroby a logistiky - zrušená
Otros Autores: Dupaľ, Andrej
Formato: Libro
Lenguaje:eslovaco
Publicado: Bratislava 2012
Etiquetas: Agregar Etiqueta
Sin Etiquetas, Sea el primero en etiquetar este registro!

MARC

LEADER 00000nbm a2200000 4500
001 0154139
005 20161109102133.3
041 0 |a slo 
044 |a SK 
245 1 0 |a Stratégia rozvoja logistiky podniku  |b diplomová práca  |c Július Schwarcz ; školiteľ: Andrej Dupaľ 
264 1 |a Bratislava  |c 2012 
300 |a 64 s. 
100 1 |a Schwarcz, Július 
700 1 |a Dupaľ, Andrej 
710 2 |a Fakulta podnikového manažmentu EU. Katedra manažmentu výroby a logistiky - zrušená